Incollable #21 - Loisir - Statistiques

Statistiques générales
  • Ce quiz a été pris 502 fois
  • Le résultat moyen est 8 sur 12
Statistiques - réponses
Niveaux Questions Réponses % Correct
CE1 De quelle couleur est le Pokémon Pikachu ? Jaune
97%
CE2 Quel légume Popeye mange-t-il pour devenir plus fort ? Des épinards
85%
CP Dans le dessin animé de Walt Disney, comment s’appelle le faon ? Bambi
84%
CM1 Mon premier est la onzième lettre de l’alphabet.Mon second est un synonyme de « louper ». Mon tout est un sport. Le karaté
84%
CE2 Où sont conservée les œuvres d’art qui appartiennent à l’État, comme les peintures ou les sculptures ? Dans des musées
79%
CP Dans quelle chanson demande-t-on à Pierre sa plume ? Au clair de la lune
77%
Collège Qu’est ce que la proue d’un bateau ? L’avant du bateau
70%
CM1 Au football, qu’arrive-t-il à un joueur qui reçoit un carton rouge ? Il est expulsé
68%
CE1 Dans quel sport saute-t-on d’un avion en parachute ? Le parachutisme
50%
Collège Dans la réalité, à quel groupe appartient Joe Jonas, l’acteur vedette de Camp Rock, film de 2008 ? Aux Jonas Brothers
46%
CM2 Quels sont les trois types de véhicules qui participent au rallye Dakar ? Voitures, camions, motos
26%
Lycée Avec quel film engagé de Gus Van Sant, Sean Penn obtient-il l’Oscar du meilleur acteur de 2009 ? Harvey Milk
4%
Aucun quiz correspondant
Distribution des résultats
% des personnes avec chaque résultat
Percentile par nombre de réponses
Votre historique - résultats
Vous n’avez pas pris ce quiz